000 01134njm a2200289Ia 4500
001 25723
003 IT-RoPAU
005 20220918181151.0
008 131025s9999 xx 000 0 und d
040 _aIT-RoPAU
040 _cIT-RoPAU
041 _aITALIANO
999 _c102152
_d102152
999 _bNO
100 _aDi Mario Angelo
_9853
100 _eAutore musica
_914115
100 _gCodice autore musica SPICS: 10868
_9855
245 _aCom'è grande, Signore, il creato!
250 _a1a ed.
260 _aALBANO
260 _bEP - MUSICALI E DISCOGRAFICHE
_c1978 [1a Ed.:1978 - Ed. Lingua Orig.: 1978]
300 _aMUSICASSETTA
500 _aMusica religiosa
505 _aCom'è grande, Signore il creato! - Canto la gioia - Com'è bello congiunger le mani! - Il canto dei fratelli - Il tuo cammino - Qua la mano - Io sono vicino - E il mondo tornava a cantare - Essere amici - Il giorno più bello - Prendimi per mano - Alleluja vuol dire...
650 _aRELIGIOSO [CASSETTE]
_eCodice MATERIA SPICS: 9951
_9785
700 _aTombolato Pino
_eAutore testo e musica
_gCodice autore testo/musica SPICS: 10145
_914116
942 _cMC
_2ddc